Statistics for Guess that sport by picture

Click here to take the quiz!

General Stats

  • This quiz has been taken 45 times
  • The average score is 23 of 32

Answer Stats

Answer% Correct
Basketball
100%
Soccer
100%
Swimming
92%
Baseball
90%
Bowling
87%
Boxing
87%
Golf
87%
Ice Hockey
85%
American Football
82%
Badminton
82%
Cricket
82%
Darts
82%
Table Tennis
82%
Skiing
79%
Skateboarding
77%
Surfing
77%
Archery
74%
Tennis
74%
Wrestling
74%
Cycling
72%
Fencing
72%
Rugby
72%
Curling
69%
Water Polo
67%
Volleyball
64%
Field Hockey
59%
Weight Lifting
59%
Shooting
56%
Skating
38%
Taekwondo
38%
Judo
28%
Handball
26%

Score Distribution

Percentile by Number Answered

Percent of People with Each Score

Your Score History

You have not taken this quiz